[Event "Olomouc Chess Summer 2012 - Prima Pack "]
[Site "Olomouc (CZE), Hotel Flora"]
[Date "2012.08.01"]
[Round "1.3"]
[White "Bartos, Jan"]
[Black "Biolek, Richard"]
[Result "0-1"]
[WhiteElo "2211"]
[BlackElo "2446"]
[PlyCount "142"]
[EventDate "2012.08.01"]

1. d4 d6 2. Nf3 Bg4 3. c4 c6 4. Nc3 Nf6 5. e4 e6 6. h3 Bh5 7. d5 e5 8. Be3 Be7
9. Be2 O-O 10. O-O Bg6 11. Nd2 Na6 12. b4 Nxb4 13. Qb3 c5 14. a3 Na6 15. Qxb7
Nc7 16. Rfb1 h5 17. f3 h4 18. Nb5 Nxb5 19. Rxb5 Nh5 20. Nf1 Bg5 21. Bf2 Nf4 22.
Re1 f5 23. exf5 Bxf5 24. Ne3 Nxe2+ 25. Rxe2 Bd3 26. Rd2 e4 27. fxe4 Bxe3 28.
Bxe3 Rf1+ 29. Kh2 Qe8 30. Rf2 Rxf2 31. Bxf2 Qe5+ 32. Kg1 Qa1+ 33. Kh2 Qe5+ 34.
Kg1 Rf8 35. Rb2 Bxc4 36. Rb1 Bd3 37. Rd1 Bc2 38. Rd2 Qa1+ 39. Kh2 Qe5+ 40. Kg1
Qc3 41. Re2 Qd3 42. Re3 Qd2 43. Rf3 Qd1+ 44. Kh2 Rxf3 45. gxf3 Qxf3 46. Qc8+
Kh7 47. Qf5+ Qxf5 48. exf5 Kg8 49. Bxh4 Kf7 50. Bg3 Ke7 51. Bh4+ Kd7 52. f6
gxf6 53. Bxf6 Be4 54. Kg3 Bxd5 55. Kf4 Bg8 56. Ke4 Ke6 57. Bg7 Bh7+ 58. Ke3 d5
59. h4 Kd6 60. h5 Kc6 61. h6 Kb5 62. Bf6 Kc4 63. Be7 d4+ 64. Kd2 Kd5 65. Kc1 c4
66. Kb2 c3+ 67. Kb3 Ke4 68. Bc5 Kd3 69. Be7 a5 70. Ka4 Kc4 71. Kxa5 d3 0-1

[Event "Olomouc Chess Summer 2012 - Prima Pack "]
[Site "Olomouc (CZE), Hotel Flora"]
[Date "2012.08.01"]
[Round "1.2"]
[White "Obsivac, Josef"]
[Black "Villegas, Pierre"]
[Result "1/2-1/2"]
[WhiteElo "2280"]
[BlackElo "2249"]
[PlyCount "101"]
[EventDate "2012.08.01"]

1. d4 d5 2. c4 e6 3. Nf3 Nf6 4. Nc3 Be7 5. Bg5 O-O 6. e3 h6 7. Bh4 Ne4 8. Bxe7
Qxe7 9. Rc1 c6 10. Be2 Nd7 11. O-O Nxc3 12. bxc3 dxc4 13. Bxc4 c5 14. e4 Rd8
15. Qe2 Nb6 16. Bd3 Bd7 17. Qe3 Rac8 18. Ne5 Be8 19. h3 cxd4 20. cxd4 Qa3 21.
Bb1 Qb2 22. Rcd1 Na4 23. Rd2 Qb4 24. Nf3 Rc3 25. Qf4 Rdc8 26. Bd3 Qa3 27. Be2
Rc1 28. Rxc1 Qxc1+ 29. Kh2 Nc3 30. Qe3 Nb1 31. Rd3 Bb5 32. Rb3 Bxe2 33. Qxe2
Nc3 34. Qe3 Qxe3 35. fxe3 b6 36. e5 Rc7 37. Rb2 Ne4 38. Nd2 Nxd2 39. Rxd2 Rc3
40. e4 Re3 41. d5 exd5 42. exd5 Rxe5 43. d6 Re8 44. Kg3 Kf8 45. Kf4 Rc8 46. Re2
Rd8 47. Rd2 Ke8 48. Re2+ Kf8 49. Rd2 Ke8 50. Re2+ Kf8 51. Rd2 1/2-1/2

[Event "Olomouc Chess Summer 2012 - Prima Pack "]
[Site "Olomouc (CZE), Hotel Flora"]
[Date "2012.08.01"]
[Round "1.1"]
[White "Chernyshova, Natalia"]
[Black "Ptacnikova, Lenka"]
[Result "1/2-1/2"]
[WhiteElo "2080"]
[BlackElo "2281"]
[PlyCount "63"]
[EventDate "2012.08.01"]

1. d4 Nf6 2. c4 e6 3. Nf3 d5 4. e3 Be7 5. Nc3 O-O 6. Bd3 Nbd7 7. O-O b6 8. b3
Bb7 9. Bb2 Ne4 10. Qc2 f5 11. Ne5 Nxe5 12. dxe5 Bc5 13. Na4 Be7 14. Rad1 c6 15.
Qe2 Qc7 16. a3 a6 17. f3 b5 18. fxe4 dxe4 19. cxb5 exd3 20. Qxd3 axb5 21. Qd7
Qxd7 22. Rxd7 Rf7 23. Nb6 Rb8 24. Rfd1 Ba6 25. Bd4 c5 26. Rxe7 Rxe7 27. Bxc5
Rc7 28. b4 Rc6 29. Rd6 Bb7 30. Rd7 Ba6 31. Rd6 Bb7 32. Rd7 1/2-1/2

[Event "Olomouc Chess Summer 2012 - Open senior"]
[Site "Olomouc (CZE), Hotel Flora"]
[Date "2012.08.06"]
[Round "6.3"]
[White "Fiala, Jiri"]
[Black "Zdrazil, Bohumir"]
[Result "1-0"]
[WhiteElo "2006"]
[BlackElo "1917"]
[PlyCount "109"]
[EventDate "2012.08.01"]

1. d4 d5 2. Nf3 Nf6 3. Bf4 e6 4. e3 Be7 5. Bd3 Nbd7 6. Nbd2 Nh5 7. Be5 Nxe5 8.
Nxe5 Nf6 9. Qf3 c6 10. h4 Qc7 11. Qe2 Nd7 12. f4 Nxe5 13. fxe5 c5 14. c3 Bd7
15. a4 Rc8 16. Qg4 Bf8 17. Rf1 Bc6 18. Bc2 Qe7 19. Nf3 h6 20. Qf4 Rc7 21. g4 g6
22. Kd2 Bg7 23. g5 h5 24. Ng1 c4 25. a5 a6 26. Nh3 Kd8 27. Qf3 Rg8 28. Nf4 Bh8
29. e4 dxe4 30. Bxe4 Bxe4 31. Qxe4 Kc8 32. Kc2 Rd8 33. Rfd1 Bg7 34. Qe2 Qe8 35.
Qe4 Kb8 36. Nh3 Rdd7 37. Nf2 Qd8 38. Qe2 Rc6 39. Ne4 Bf8 40. Nf6 Re7 41. Qf3
Rc8 42. Rf1 Qc7 43. Rfe1 Qc6 44. Qxc6 Rxc6 45. Rf1 Ka7 46. Rf2 b5 47. Raf1 Rb7
48. Nh7 Be7 49. Rxf7 b4 50. Nf8 b3+ 51. Kb1 Bd8 52. Rxb7+ Kxb7 53. Rf7+ Kb8 54.
Nxg6 Bxa5 55. Nf4 1-0

[Event "Olomouc Chess Summer 2012 - Open senior"]
[Site "Olomouc (CZE), Hotel Flora"]
[Date "2012.08.06"]
[Round "6.2"]
[White "Prachar, Josef"]
[Black "Puobis, Jozef"]
[Result "1/2-1/2"]
[WhiteElo "1950"]
[BlackElo "1908"]
[PlyCount "24"]
[EventDate "2012.08.01"]

1. d4 d5 2. Nf3 Bf5 3. c4 e6 4. Qb3 Nc6 5. c5 Rb8 6. Bf4 a6 7. e3 Nf6 8. Nc3
Nh5 9. Bg3 Nxg3 10. hxg3 Be7 11. a3 Bf6 12. Rc1 h6 1/2-1/2

[Event "Olomouc Chess Summer 2012 - Open senior"]
[Site "Olomouc (CZE), Hotel Flora"]
[Date "2012.08.06"]
[Round "6.1"]
[White "Vorobyov, Yrij"]
[Black "Laszkiewicz, Jerzy"]
[Result "1-0"]
[WhiteElo "2254"]
[BlackElo "1974"]
[PlyCount "55"]
[EventDate "2012.08.01"]

1. Nf3 c5 2. c4 Nc6 3. d4 cxd4 4. Nxd4 g6 5. e4 Bg7 6. Be3 Nf6 7. Nc3 d6 8. Be2
O-O 9. Qd2 Ng4 10. Bxg4 Bxg4 11. O-O a6 12. b3 Bd7 13. a4 Re8 14. Rfd1 Qa5 15.
Nd5 Qxd2 16. Rxd2 Rab8 17. f3 Kf8 18. Rad1 Red8 19. Ne2 Be6 20. Bb6 Rdc8 21. f4
Bg4 22. Kf2 Bh6 23. g3 Re8 24. Rc1 Kg7 25. Nec3 Be6 26. Ne3 Kf8 27. Ncd5 Rec8
28. Bc7 1-0

[Event "Olomouc Chess Summer 2012 - Open senior"]
[Site "Olomouc (CZE), Hotel Flora"]
[Date "2012.08.05"]
[Round "5.3"]
[White "Fiala, Jiri"]
[Black "Frantsuzova, Lyudmila"]
[Result "1-0"]
[WhiteElo "2006"]
[BlackElo "1768"]
[PlyCount "121"]
[EventDate "2012.08.01"]

1. d4 d5 2. Nf3 Nf6 3. Bf4 c6 4. Nbd2 Bf5 5. e3 Nbd7 6. Be2 e6 7. Ne5 Nxe5 8.
Bxe5 Qb6 9. Qc1 Ng4 10. Bg3 h5 11. h3 Nf6 12. Be5 h4 13. a3 Ne4 14. Nxe4 Bxe4
15. O-O f6 16. Bh2 O-O-O 17. c4 Qb3 18. cxd5 Qxd5 19. Bc4 Qd7 20. b4 Bd6 21.
Bxd6 Qxd6 22. b5 Kd7 23. f3 Bd5 24. e4 Bxc4 25. Qxc4 Rh5 26. bxc6+ Qxc6 27. Qe2
Rg5 28. Kh1 Qb5 29. Qf2 Rg3 30. Rab1 Qa6 31. d5 b6 32. dxe6+ Kxe6 33. Qa2+ Ke7
34. Rfd1 Rd3 35. Qc2 Rxd1+ 36. Rxd1 Qb7 37. Rd4 Rg5 38. Rc4 Kd7 39. Qd2+ Ke7
40. Qb4+ Ke6 41. f4 Rg3 42. Qf8 Qd7 43. Rc1 Rd3 44. Qg8+ Kd6 45. Qb8+ Ke6 46.
f5+ Ke7 47. Rc7 Rxa3 48. Rxd7+ Kxd7 49. Qb7+ Kd6 50. Qxg7 Ra1+ 51. Kh2 Ke5 52.
Qe7+ Kf4 53. Qxf6 Ra5 54. Qxh4+ Ke5 55. f6 Ke6 56. Qh8 b5 57. Qg7 Kd6 58. f7
Ra4 59. f8=Q+ Kc6 60. Qc8+ Kb6 61. Qgc7# 1-0

[Event "Olomouc Chess Summer 2012 - Open senior"]
[Site "Olomouc (CZE), Hotel Flora"]
[Date "2012.08.05"]
[Round "5.2"]
[White "Travnicek, Petr"]
[Black "Chrenko, Peter"]
[Result "1/2-1/2"]
[WhiteElo "2169"]
[BlackElo "1833"]
[PlyCount "55"]
[EventDate "2012.08.01"]

1. d4 Nf6 2. Nf3 g6 3. Bf4 Bg7 4. e3 O-O 5. Nbd2 Nh5 6. Be5 Nf6 7. h3 d6 8. Bh2
Nbd7 9. Be2 c5 10. c3 b5 11. Bxb5 Rb8 12. Qa4 a6 13. Bxd7 Nxd7 14. Qa3 Rb5 15.
O-O cxd4 16. cxd4 Ra5 17. Qd3 Bb7 18. Rfc1 Nf6 19. a4 Qa8 20. b4 Rh5 21. Ne1 e5
22. f3 Nd5 23. Rab1 exd4 24. e4 Nc3 25. Ra1 d5 26. exd5 Bxd5 27. Nc2 Qd8 28.
Re1 1/2-1/2

[Event "Olomouc Chess Summer 2012 - Open senior"]
[Site "Olomouc (CZE), Hotel Flora"]
[Date "2012.08.05"]
[Round "5.1"]
[White "Puobis, Jozef"]
[Black "Vorobyov, Yrij"]
[Result "1/2-1/2"]
[WhiteElo "1908"]
[BlackElo "2254"]
[PlyCount "85"]
[EventDate "2012.08.01"]

1. e4 c5 2. Nf3 a6 3. d4 cxd4 4. Qxd4 Nc6 5. Qd3 d6 6. Be2 Nf6 7. O-O g6 8. Nc3
Bg7 9. Nd5 O-O 10. Nxf6+ Bxf6 11. c3 Bg7 12. Bf4 b5 13. Qd2 Bb7 14. Rfe1 Qb6
15. Be3 Qa5 16. a3 Rfc8 17. Qd5 Qc7 18. Qa2 Na5 19. Nd2 Nc4 20. Nxc4 bxc4 21.
f3 d5 22. exd5 Bxd5 23. Rad1 e6 24. Bd4 Bh6 25. g3 Rab8 26. f4 Rb5 27. Bf1 Rcb8
28. Rd2 g5 29. Be5 Qb6+ 30. Bd4 Qc6 31. fxg5 Bxg5 32. Rf2 f5 33. Bg2 Bxg2 34.
Rxg2 Kf7 35. Rge2 Re8 36. Qa1 Bf6 37. Bxf6 Kxf6 38. Qc1 Kg6 39. Qe3 Qb6 40. Qf2
Kf6 41. Qxb6 Rxb6 42. Rd2 e5 43. Ree2 1/2-1/2

[Event "Olomouc Chess Summer 2012 - Open senior"]
[Site "Olomouc (CZE), Hotel Flora"]
[Date "2012.08.01"]
[Round "1.3"]
[White "Roman, Frantisek"]
[Black "Fiala, Jiri"]
[Result "0-1"]
[WhiteElo "1717"]
[BlackElo "2006"]
[PlyCount "112"]
[EventDate "2012.08.01"]

1. e4 c5 2. f4 d6 3. Be2 Nc6 4. Nf3 g6 5. c3 Bg7 6. d3 e6 7. O-O Nge7 8. Be3 b6
9. Nbd2 O-O 10. Nb3 d5 11. Qc2 Bb7 12. e5 Rc8 13. Bf2 h5 14. Rad1 Nf5 15. d4
cxd4 16. Nbxd4 Ncxd4 17. Nxd4 Nxd4 18. Rxd4 Qe7 19. Qd3 Rc7 20. Qh3 Rfc8 21.
Bd3 Qe8 22. g4 hxg4 23. Qxg4 Bc6 24. h4 Bb5 25. Rd1 Bxd3 26. R4xd3 Rc4 27. h5
Bxe5 28. hxg6 fxg6 29. Bd4 Bxd4+ 30. cxd4 Rc1 31. Qe2 Rxd1+ 32. Rxd1 Qf7 33.
Rf1 Qf5 34. Rf2 Rc1+ 35. Kg2 Rc4 36. Qd2 Qe4+ 37. Kg3 Rxd4 38. Qe2 Qxe2 39.
Rxe2 Kf7 40. Rc2 Rc4 41. Rh2 Kf6 42. Rh7 Rc2 43. Rxa7 Rxb2 44. Kf3 g5 45. fxg5+
Kxg5 46. Ke3 Kf5 47. Kd4 Rb4+ 48. Kd3 Rb5 49. Kd4 Ra5 50. Rf7+ Kg6 51. Rf2 Ra4+
52. Kd3 Kg5 53. Rb2 Kf4 54. Rxb6 e5 55. Rf6+ Kg5 56. Rf2 Ra3+ 0-1

[Event "Olomouc Chess Summer 2012 - Open senior"]
[Site "Olomouc (CZE), Hotel Flora"]
[Date "2012.08.01"]
[Round "1.2"]
[White "Travnicek, Petr"]
[Black "Plachy, Josef"]
[Result "1/2-1/2"]
[WhiteElo "2169"]
[BlackElo "1726"]
[PlyCount "84"]
[EventDate "2012.08.01"]

1. d4 Nf6 2. Nf3 g6 3. Bf4 Bg7 4. e3 d6 5. h3 O-O 6. Nbd2 b6 7. Bd3 Bb7 8. O-O
Nbd7 9. c3 h6 10. Re1 Re8 11. e4 Nh5 12. Bh2 e5 13. dxe5 Nxe5 14. Bxe5 dxe5 15.
Bc4 Qe7 16. Qb3 Rad8 17. Rad1 Nf4 18. Kh2 Nd3 19. Re2 Rd7 20. g3 Red8 21. Nh4
Kh7 22. Rf1 Bf6 23. Ng2 c6 24. f4 Nc5 25. Qc2 b5 26. Bxf7 Qd6 27. Bb3 exf4 28.
Nxf4 Be5 29. Ref2 Qxd2 30. Rxd2 Rxd2+ 31. Rf2 Rxc2 32. Bxc2 Bxf4 33. gxf4 Kg7
34. Rg2 Ne6 35. f5 Nf4 36. Rf2 g5 37. e5 Bc8 38. h4 Rd5 39. hxg5 hxg5 40. e6
Kf6 41. Kg3 Re5 42. Rh2 Re2 1/2-1/2

[Event "Olomouc Chess Summer 2012 - Open senior"]
[Site "Olomouc (CZE), Hotel Flora"]
[Date "2012.08.01"]
[Round "1.1"]
[White "Doskar, Miloslav"]
[Black "Vorobyov, Yrij"]
[Result "0-1"]
[WhiteElo "1740"]
[BlackElo "2254"]
[PlyCount "84"]
[EventDate "2012.08.01"]

1. d4 Nf6 2. c4 c5 3. d5 b5 4. b3 bxc4 5. bxc4 d6 6. Bb2 g6 7. Nf3 Bg7 8. Nc3
O-O 9. e4 Nxe4 10. Nxe4 Bxb2 11. Rb1 Qa5+ 12. Nfd2 Bg7 13. Qb3 Na6 14. a3 Rb8
15. Qa2 Rxb1+ 16. Qxb1 Qxa3 17. Be2 Qa1 18. O-O Qxb1 19. Rxb1 Nb4 20. Rb3 Bd7
21. Ra3 a6 22. h4 h6 23. Nf1 Rb8 24. h5 g5 25. Neg3 f5 26. Nh2 Bc8 27. Bd1 e6
28. dxe6 Bxe6 29. Be2 Rb6 30. Rf3 f4 31. Ne4 Nc2 32. Bf1 a5 33. g3 Be5 34. gxf4
gxf4 35. Nd2 a4 36. Rd3 a3 37. Nb3 a2 38. Nf3 Rxb3 39. Rxb3 a1=Q 40. Rb8+ Kf7
41. Rb7+ Kf6 42. Rh7 Bxc4 0-1

[Event "Olomouc Chess Summer 2012 - Open Olomou"]
[Site "Olomouc (CZE), Hotel Flora"]
[Date "2012.08.06"]
[Round "6.14"]
[White "Svancara, Petr"]
[Black "Jasny, Stanislav"]
[Result "0-1"]
[WhiteElo "2121"]
[BlackElo "2308"]
[PlyCount "66"]
[EventDate "2012.08.02"]

1. e4 c5 2. Nc3 e6 3. g3 Nc6 4. Bg2 d6 5. d3 Nf6 6. f4 a6 7. Nf3 Qc7 8. O-O Be7
9. h3 Bd7 10. Be3 h6 11. Qe1 O-O-O 12. a3 d5 13. e5 d4 14. exf6 gxf6 15. Bf2
dxc3 16. Qxc3 Rhg8 17. Kh2 e5 18. fxe5 fxe5 19. b4 e4 20. dxe4 Bd6 21. e5 Nxe5
22. bxc5 Bb5 23. Nxe5 Bxe5 24. Qf3 Bxa1 25. Rxa1 Bc6 26. Qf5+ Qd7 27. Qxd7+
Rxd7 28. Bxc6 bxc6 29. Be3 h5 30. Bf4 Re8 31. h4 Re2+ 32. Kh3 Rd5 33. Bd6 Rdd2
0-1

[Event "Olomouc Chess Summer 2012 - Open Olomou"]
[Site "Olomouc (CZE), Hotel Flora"]
[Date "2012.08.06"]
[Round "6.13"]
[White "Zavurka, Roman"]
[Black "Ageichenko, Genadi A"]
[Result "1/2-1/2"]
[WhiteElo "2156"]
[BlackElo "2329"]
[Annotator "Proclient"]
[PlyCount "164"]
[EventDate "2012.08.02"]

1. d4 Nf6 2. Nf3 e6 3. e3 b6 4. Bd3 Bb7 5. Nbd2 c5 6. c3 d5 7. O-O Be7 8. Qe2
Nbd7 9. e4 dxe4 10. Nxe4 O-O 11. Bf4 cxd4 12. Rad1 Nd5 13. Bg3 dxc3 14. bxc3
Qc8 15. c4 N5f6 16. Nd6 Bxd6 17. Bxd6 Re8 18. Ne5 Nc5 19. f3 Nxd3 20. Rxd3 Nd7
21. Rd4 Nxe5 22. Qxe5 f6 23. Qh5 Qc6 24. Rfd1 Red8 25. Qg4 Qe8 26. f4 Be4 27.
Qg3 Bf5 28. Qf3 Rac8 29. Qa3 Rd7 30. Qa4 Qf7 31. c5 bxc5 32. Bxc5 Rxd4 33. Qxd4
h5 34. Rd2 a6 35. h3 Qg6 36. Kh2 Be4 37. Ba3 Bd5 38. Qf2 Qf5 39. Bd6 Rc6 40.
Ba3 Rc4 41. Bd6 Rc1 42. Rb2 Kh7 43. Qg3 Rc8 44. a3 a5 45. Qh4 Qg6 46. Qg3 Qe4
47. Qh4 Kg6 48. Qg3+ Kf7 49. Rb8 Rxb8 50. Bxb8 Qc2 51. Ba7 h4 52. Qf2 Qe4 53.
Bb6 a4 54. Bc5 Kg6 55. Bf8 e5 56. fxe5 Qxe5+ 57. Kg1 Qa1+ 58. Kh2 Qe5+ 59. Kg1
Kf7 60. Bb4 g5 61. Qe1 Qd4+ 62. Qf2 Qe4 63. Kh2 Kg6 64. Kg1 f5 65. Qd2 g4 66.
Qf2 g3 67. Qd2 f4 68. Kf1 Kf5 69. Kg1 Kg6 70. Kf1 f3 71. gxf3 Qxf3+ 72. Ke1
Qh1+ 73. Ke2 Qf3+ 74. Ke1 g2 75. Qf2 Qxh3 76. Kd2 Qg4 77. Qg1 Qg3 78. Qb1+ Kf7
79. Qf5+ Ke8 80. Qc8+ Kf7 81. Qf5+ Ke8 82. Qc8+ Kf7 1/2-1/2

[Event "Olomouc Chess Summer 2012 - Open Olomou"]
[Site "Olomouc (CZE), Hotel Flora"]
[Date "2012.08.06"]
[Round "6.12"]
[White "Piankov, Evgenij"]
[Black "Krouzel, Jaroslav"]
[Result "1/2-1/2"]
[WhiteElo "2338"]
[BlackElo "2161"]
[PlyCount "114"]
[EventDate "2012.08.02"]

1. d4 f5 2. g3 Nf6 3. Bg2 g6 4. Nd2 Bg7 5. e4 fxe4 6. Nxe4 Nxe4 7. Bxe4 d5 8.
Bg2 c5 9. dxc5 d4 10. Nf3 Qa5+ 11. Bd2 Qxc5 12. O-O O-O 13. c3 dxc3 14. Bxc3
Nc6 15. Qb3+ Kh8 16. Bxg7+ Kxg7 17. Rac1 Qf5 18. Rc3 Qf7 19. Qxf7+ Rxf7 20. Re1
Rb8 21. Ne5 Nxe5 22. Rxe5 Kf6 23. Rec5 Rf8 24. Rc7 Re8 25. Bd5 Rd8 26. Rf3+ Kg5
27. h4+ Kh6 28. Bb3 Bf5 29. Re3 Rd7 30. Rxd7 Bxd7 31. Rxe7 Bc6 32. g4 Re8 33.
Rxe8 Bxe8 34. Bd5 b6 35. Kg2 Kg7 36. Kg3 Kf6 37. Kf4 h6 38. g5+ hxg5+ 39. hxg5+
Ke7 40. Ke5 Bd7 41. a3 Be8 42. f4 Bd7 43. Be4 Be8 44. f5 gxf5 45. Kxf5 Bf7 46.
g6 Bb3 47. Kg5 a5 48. g7 Bg8 49. Kh6 Kd6 50. Bh7 Be6 51. g8=Q Bxg8 52. Bxg8 a4
53. Bf7 Kc5 54. Be8 b5 55. Bg6 Kc4 56. Bc2 Kd4 57. Bf5 Kc4 1/2-1/2

[Event "Olomouc Chess Summer 2012 - Open Olomou"]
[Site "Olomouc (CZE), Hotel Flora"]
[Date "2012.08.06"]
[Round "6.11"]
[White "Volodin, Viktor"]
[Black "Kireev, Aleksei"]
[Result "1/2-1/2"]
[WhiteElo "2205"]
[BlackElo "2345"]
[PlyCount "72"]
[EventDate "2012.08.02"]

1. g3 g6 2. Bg2 Bg7 3. Nf3 d6 4. c4 e5 5. d3 Nd7 6. Nc3 Nh6 7. Rb1 O-O 8. O-O
f6 9. b4 Nf7 10. a4 a5 11. b5 f5 12. Qc2 Nc5 13. Nd5 Ne6 14. Ba3 b6 15. Rbd1
Bb7 16. e3 Rb8 17. Nd2 g5 18. Bh3 g4 19. Bg2 Nfg5 20. f4 gxf3 21. Nxf3 Bxd5 22.
cxd5 Nxf3+ 23. Rxf3 Nc5 24. Bxc5 dxc5 25. Rdf1 Qxd5 26. Rxf5 Qe6 27. Qc4 Qxc4
28. dxc4 Rxf5 29. Rxf5 Rf8 30. Bd5+ Kh8 31. e4 Bf6 32. g4 h6 33. h4 Kh7 34. Kg2
Kg6 35. g5 hxg5 36. hxg5 Bg7 1/2-1/2

[Event "Olomouc Chess Summer 2012 - Open Olomou"]
[Site "Olomouc (CZE), Hotel Flora"]
[Date "2012.08.06"]
[Round "6.10"]
[White "Piscopo, Pierluigi"]
[Black "Zakharchenko, Arnold"]
[Result "1/2-1/2"]
[WhiteElo "2364"]
[BlackElo "2197"]
[PlyCount "36"]
[EventDate "2012.08.02"]

1. e4 c5 2. Nf3 d6 3. d4 cxd4 4. Nxd4 Nf6 5. Nc3 g6 6. f4 Bg7 7. e5 Nfd7 8. e6
fxe6 9. Nxe6 Bxc3+ 10. bxc3 Qa5 11. Bd2 Nf6 12. Bc4 Nc6 13. Qe2 d5 14. Bb3 Bxe6
15. Qxe6 Qc5 16. Qe3 Qxe3+ 17. Bxe3 e6 18. O-O Ne4 1/2-1/2

[Event "Olomouc Chess Summer 2012 - Open Olomou"]
[Site "Olomouc (CZE), Hotel Flora"]
[Date "2012.08.06"]
[Round "6.8"]
[White "Semenova, Irina"]
[Black "Camarena Gimenez, Rufino"]
[Result "1/2-1/2"]
[WhiteElo "2214"]
[BlackElo "2396"]
[PlyCount "162"]
[EventDate "2012.08.02"]

1. e4 e6 2. d4 d5 3. Nc3 Nf6 4. e5 Nfd7 5. f4 c5 6. Nf3 Nc6 7. Be3 Be7 8. Qd2
O-O 9. Be2 b6 10. O-O f5 11. exf6 Nxf6 12. Bb5 Bb7 13. Bxc6 Bxc6 14. Ne5 Be8
15. Kh1 Rc8 16. a3 Nd7 17. Nxd7 Qxd7 18. Rac1 Bf6 19. Ne2 Bg6 20. Bg1 Qb5 21.
b3 a5 22. Qe3 Rfe8 23. c4 Qd7 24. dxc5 bxc5 25. Qd2 a4 26. b4 cxb4 27. axb4 a3
28. c5 Bb2 29. Bd4 Bxc1 30. Rxc1 Qa4 31. Ra1 Ra8 32. Nc1 Reb8 33. Na2 Qb3 34.
Bc3 Qc4 35. h3 Rb7 36. Kh2 Be4 37. Rc1 Qd3 38. Qf2 Rc8 39. Bd4 Qb3 40. Be5 Bb1
41. c6 Rbc7 42. b5 Qxb5 43. Nc3 Qxc6 44. Rxb1 Rb7 45. Ra1 Ra8 46. Na2 Qc4 47.
Rc1 Qe4 48. Re1 Qg6 49. Re3 Qb1 50. Re1 Qf5 51. Re3 h6 52. Qg3 Rc8 53. Rxa3 Kh7
54. Nc3 g5 55. Ne2 gxf4 56. Qxf4 Rf7 57. Qxf5+ Rxf5 58. Re3 Rc4 59. Ng3 Rf2 60.
Nh1 Rf7 61. Bg3 Rf6 62. Nf2 h5 63. Nd3 Re4 64. Rxe4 dxe4 65. Ne5 Rf5 66. Nc4
Rc5 67. Ne3 Rc3 68. Bf2 Kg6 69. Kg1 Rc1+ 70. Kh2 Kg5 71. g3 Rb1 72. Kg2 Kf6 73.
g4 hxg4 74. Nxg4+ Kf5 75. Kg3 Rb3+ 76. Be3 e5 77. Kg2 Rb2+ 78. Kg3 Re2 79. Bc5
Ke6 80. Bb6 Kd5 81. Ba7 Ke6 1/2-1/2

[Event "Olomouc Chess Summer 2012 - Open Olomou"]
[Site "Olomouc (CZE), Hotel Flora"]
[Date "2012.08.06"]
[Round "6.7"]
[White "Plat, Vojtech"]
[Black "Bilguun, Sumiya"]
[Result "0-1"]
[WhiteElo "2480"]
[BlackElo "2177"]
[PlyCount "90"]
[EventDate "2012.08.02"]

1. e4 c5 2. Nf3 e6 3. c4 d6 4. d4 cxd4 5. Nxd4 Nf6 6. Nc3 a6 7. Be2 Nbd7 8. Be3
Qc7 9. Rc1 b6 10. f4 Bb7 11. Bf3 Be7 12. O-O Rc8 13. f5 e5 14. Nd5 Qd8 15. Ne2
Nxd5 16. cxd5 Bg5 17. Bxg5 Qxg5 18. Rxc8+ Bxc8 19. Qc2 O-O 20. Qc7 Qe3+ 21. Kh1
Nf6 22. Ng3 Qc5 23. Rc1 Qxc7 24. Rxc7 Rd8 25. Rc6 b5 26. Ne2 Kf8 27. g4 Bb7 28.
Rb6 Rb8 29. g5 Nd7 30. Rxd6 Ke7 31. Rxd7+ Kxd7 32. f6 gxf6 33. gxf6 Rg8 34. Bh5
Ke8 35. Nc1 Rg5 36. Bf3 Kd7 37. Ne2 Rg6 38. Ng3 Rxf6 39. Bg4+ Kd8 40. Kg2 Bc8
41. Bxc8 Kxc8 42. Nf5 Kd7 43. Kf3 a5 44. h4 Rxf5+ 45. exf5 Kd6 0-1

[Event "Olomouc Chess Summer 2012 - Open Olomou"]
[Site "Olomouc (CZE), Hotel Flora"]
[Date "2012.08.06"]
[Round "6.6"]
[White "Goluch, Piotr"]
[Black "Woellermann, Jan"]
[Result "1/2-1/2"]
[WhiteElo "2250"]
[BlackElo "2124"]
[PlyCount "78"]
[EventDate "2012.08.02"]

1. Nf3 Nf6 2. c4 e6 3. Nc3 Bb4 4. g3 O-O 5. Bg2 Nc6 6. O-O Bxc3 7. bxc3 d6 8.
Rb1 e5 9. d3 Rb8 10. e4 Re8 11. h3 b6 12. Kh2 Nd7 13. Bg5 f6 14. Be3 Nf8 15.
Nd2 Ne7 16. f4 exf4 17. Bxf4 Nfg6 18. Be3 Be6 19. Nf3 c5 20. Ng1 Bf7 21. Bc1
Qd7 22. g4 Nc6 23. Qe1 Nce5 24. Qg3 b5 25. Rxb5 Rxb5 26. cxb5 Qxb5 27. d4 Nd3
28. Qxd6 Nxc1 29. Rxc1 Qb2 30. Re1 Qxc3 31. Nf3 Nh4 32. Rf1 Nxg2 33. Kxg2 cxd4
34. Nxd4 Rxe4 35. Nf5 Qe5 36. Qxe5 Rxe5 37. Rb1 Re8 38. Kf2 Bxa2 39. Rb7 Bf7
1/2-1/2

[Event "Olomouc Chess Summer 2012 - Open Olomou"]
[Site "Olomouc (CZE), Hotel Flora"]
[Date "2012.08.06"]
[Round "6.5"]
[White "Sochorova, Petra"]
[Black "Nikolaev, Leonid"]
[Result "1/2-1/2"]
[WhiteElo "2214"]
[BlackElo "2271"]
[PlyCount "136"]
[EventDate "2012.08.02"]

1. e4 c5 2. Nf3 d6 3. d4 cxd4 4. Nxd4 Nf6 5. Nc3 Nc6 6. Bc4 Qb6 7. Be3 Qxb2 8.
Ndb5 Qb4 9. Bd3 Qa5 10. Rb1 e6 11. O-O Be7 12. Qd2 O-O 13. Be2 a6 14. Nd4 Nxd4
15. Bxd4 b5 16. Qe3 Nd7 17. Qg3 Bf6 18. Bxf6 Nxf6 19. f4 b4 20. e5 Qc5+ 21. Kh1
Qxc3 22. Qxc3 bxc3 23. exf6 gxf6 24. Rf3 Bd7 25. Rxc3 Rfc8 26. Rxc8+ Rxc8 27.
c4 Kf8 28. Kg1 Rc5 29. Rb8+ Ke7 30. Ra8 Ra5 31. c5 dxc5 32. Rxa6 Rxa6 33. Bxa6
Kd6 34. Kf2 Kd5 35. Bd3 f5 36. Ke3 h6 37. g3 c4 38. Bc2 Kc5 39. a3 Bc6 40. h4
Be8 41. Bd1 Bb5 42. a4 Bc6 43. a5 Bb5 44. Bh5 f6 45. Bf7 Kd5 46. Kd2 Ba6 47.
Kc3 Kd6 48. Bg6 Kc5 49. Bf7 Bc8 50. a6 Kb6 51. Kxc4 Bxa6+ 52. Kd4 Bc8 53. Be8
Bb7 54. Ba4 Kc7 55. Bd1 Kd6 56. g4 e5+ 57. Kc3 Bc8 58. gxf5 Bxf5 59. Bf3 Bh3
60. Bh5 Ke6 61. Be8 Bg2 62. Bg6 f5 63. Be8 Kf6 64. Bd7 Bd5 65. Ba4 Bf7 66. Bd1
e4 67. Be2 Kg6 68. Kd4 Kf6 1/2-1/2

[Event "Olomouc Chess Summer 2012 - Open Olomou"]
[Site "Olomouc (CZE), Hotel Flora"]
[Date "2012.08.06"]
[Round "6.4"]
[White "Chudinovskikh, Alexander M"]
[Black "Gagare, Shardul"]
[Result "1/2-1/2"]
[WhiteElo "2248"]
[BlackElo "2287"]
[PlyCount "77"]
[EventDate "2012.08.02"]

1. d4 d5 2. Nf3 Nf6 3. c4 dxc4 4. Nc3 a6 5. a4 Nc6 6. Bg5 Bf5 7. e3 Nb4 8. Rc1
Nd3+ 9. Bxd3 cxd3 10. Ne5 h6 11. Bxf6 gxf6 12. Nxd3 Rg8 13. Nc5 b6 14. Qf3 bxc5
15. Qxf5 cxd4 16. exd4 Qd7 17. Qf3 Rd8 18. O-O f5 19. Rfe1 Rg4 20. d5 Bg7 21.
h3 Rg6 22. Rcd1 Kf8 23. b3 Rd6 24. Rc1 c6 25. dxc6 Qxc6 26. Qxc6 Rxc6 27. Nd5
Rxc1 28. Rxc1 e6 29. Nc7 a5 30. Nb5 Be5 31. g3 Rd3 32. Rc8+ Ke7 33. Ra8 Rxb3
34. Rxa5 h5 35. Ra7+ Kf6 36. Rb7 Rb1+ 37. Kg2 Ra1 38. Ra7 Rb1 39. Rb7 1/2-1/2

[Event "Olomouc Chess Summer 2012 - Open Olomou"]
[Site "Olomouc (CZE), Hotel Flora"]
[Date "2012.08.06"]
[Round "6.3"]
[White "Dolezal, Radoslav"]
[Black "Narayanan, Srinath"]
[Result "1/2-1/2"]
[WhiteElo "2374"]
[BlackElo "2399"]
[PlyCount "53"]
[EventDate "2012.08.02"]

1. Nf3 c5 2. e3 g6 3. d4 cxd4 4. exd4 Bg7 5. c3 Nf6 6. Bd3 O-O 7. O-O d6 8. Re1
Nc6 9. Bg5 Qc7 10. Bxf6 Bxf6 11. d5 Ne5 12. Nxe5 dxe5 13. Nd2 Rd8 14. Qb3 e6
15. d6 Qxd6 16. Ne4 Qe7 17. Nxf6+ Qxf6 18. Rad1 Rb8 19. Bb5 b6 20. Rxd8+ Qxd8
21. Rxe5 Qd2 22. Bf1 Bb7 23. Rxe6 fxe6 24. Qxe6+ Kf8 25. Qf6+ Kg8 26. Qe6+ Kf8
27. Qf6+ 1/2-1/2

[Event "Olomouc Chess Summer 2012 - Open Olomou"]
[Site "Olomouc (CZE), Hotel Flora"]
[Date "2012.08.06"]
[Round "6.1"]
[White "Garcia Roman, Daniel"]
[Black "Zilka, Stepan"]
[Result "0-1"]
[WhiteElo "2386"]
[BlackElo "2517"]
[PlyCount "93"]
[EventDate "2012.08.02"]

1. d4 Nf6 2. Nf3 d5 3. c4 e6 4. Bg5 Bb4+ 5. Nc3 dxc4 6. e4 c5 7. Bxc4 cxd4 8.
Nxd4 Bxc3+ 9. bxc3 Qa5 10. Bb5+ Nbd7 11. Bxf6 Qxc3+ 12. Kf1 gxf6 13. Nxe6 Qe5
14. Nd4 O-O 15. Qg4+ Kh8 16. Rd1 Nc5 17. Nf5 Bxf5 18. Qxf5 Nxe4 19. Qxe5 fxe5
20. Re1 f5 21. g4 Rad8 22. gxf5 Rd4 23. Rg1 Nc3 24. Be2 Nxe2 25. Rxe2 Rd1+ 26.
Re1 Rxe1+ 27. Kxe1 Rxf5 28. Rg3 Rf6 29. a3 Ra6 30. Ke2 Ra4 31. Kd2 b5 32. Re3
a6 33. Rxe5 Rxa3 34. Re6 b4 35. Rb6 a5 36. Rb7 b3 37. f4 a4 38. Ra7 b2 39. Kc2
Rb3 40. Ra8+ Kg7 41. Ra7+ Kf6 42. Ra6+ Kf5 43. Ra5+ Kg4 44. Kb1 a3 45. Rg5+
Kxf4 46. Rg1 h5 47. Rc1 0-1